000 00847cab a2200229 4500
001 WB3425-06
008 090401t1998 xxu||||| |||| 00| 0 eng d
035 _a(Sirsi) u87199
041 _aeng
245 _aKitemark plan
260 _c1998
350 _a0
490 _aContract Journal
_v394(6182) 1 July 1998, 3(1)
520 _aA government consultation document "Combating cowboy builders" has met with a positive response, especially on introducing a system of kitemarking of bona fide building contractors. The Construction Skills Certification Scheme believes an independent body should be set up to manage the system.
650 _aBUILDING INDUSTRY
650 _aBUILDING STANDARDS
650 _aCOWBOY BUILDERS
650 _aKITEMARKING
690 _aBUILDING AND CONSTRUCTION-CONTROL
942 _n0
948 _c03/07/1998
999 _c54982
_d54982